000
00283nam a22001217a 4500
008
170713b xxu||||| |||| 00| 0 eng d
041
_a
eng
080
_a
101
100
_a
24
101
_a
FIL
245
_a
THE UNWRITTEN PHILOSOPHY AND OTHER ESSAYS
_c
CORNFORD,F.M
942
_2
udc
_c
BK
999
_c
20550
_d
20550